Arco do triunfo (Registo nº 5944)

Detalhes MARC
000 -Etiqueta do registo
Valores 01420c a2200217 04500
100 ## - Dados gerais de processamento
Dados gerais 20211231d1983 m||y0pory5003 ba
200 1# - Titulo e menção de responsabilidade
Título próprio Arco do triunfo
Primeira menção de responsabilidade Erich Maria Remarque
Outras menções de responsabilidade trad. Wanda Murgel de Castro
210 #9 - Publicação
Local de publicação Lisboa
Nome do editor Livros do Brasil
Data de publicação [D.L. 1983]
215 ## - Descrição física 
Paginação / Volumes 382, [2] p.
225 2# - Colecção 
Título próprio da colecção Dois mundos
Indicação de volume 6
304 ## - Nota relativa ao título
Texto de nota Tít. orig.: Arch of Triumph
330 ## - Sumário ou Resumo
Texto da nota É 1939 e, apesar de não ter permissão de exercer a sua profissão, o médico-cirurgião e refugiado alemão Ravic vem operando pacientes na clandestinidade há dois anos, sob a supervisão de cirurgiões franceses menos experientes.<br/>Disposto a não retornar à Alemanha nazi que lhe cassou a cidadania, e incapaz de viver legalmente em qualquer outro lugar na Europa Ocidental pré-guerra, Ravic tenta levar a vida em meio aos milhares de outros fugitivos sem documentos ou passaporte, sob a ameaça constante de ser capturado e deportado de país em país.<br/>Mesmo no pior dos tempos a vida traz maneiras curiosas de fazer aflorar o romantismo, e apesar de ter desistido de amar, Ravic vê uma chance de redenção ao se aproximar da atriz e cantora Joan Madou.
606 ## - Nome comum usado como assunto
ID Autoridade 13
Palavra de ordem Literatura Estrangeira
675 ## - CDU
Notação 821.112.2-31"19"
Edição BN
Língua por
700 ## - Autor principal (pessoa individual)
Apelido Remarque
Nome Erich Maria
ID Autoridade 5473
Datas 1898-1970
702 ## - Autor secundário (pessoa individual)
Apelido Castro
Nome Wanda Murgel de
ID Autoridade 5632
801 #0 - Fonte de origem
País PT
Agência BMVN
Regras de catalogação RPC
830 ## - Notas gerais do catalogador
Criado por Inês Silva
Data de criação 31/12/2021
990 ## - Elementos KOHA
Tipo de documento Livro
Exemplares
Situação do levantamento Biblioteca de origem Código de barras Cota Permissão de empréstimo Tipo de documento Forma de aquisição
  Biblioteca Municipal de Vendas Novas 100000005643 LE REM/ARC   Livro  

Powered by Koha